| 000 | 00640nam a2200217 a 4500 | ||
|---|---|---|---|
| 003 | Co-PeBPM | ||
| 005 | 20250831191521.0 | ||
| 008 | 231129s1967||||xx |||||||||||||| ||spa|| | ||
| 040 |
_bspa _aCo-PeBPM _cCo-PeBPM _eRDA |
||
| 041 |
_aspa _hfre |
||
| 082 | _a248.27 T264m | ||
| 100 |
_aTeilhard de Chardin, Pierre _d1881-1955 _eAutor |
||
| 245 | 0 | _aEl medio divino. Ensayo de vida interior | |
| 260 | _c1967 | ||
| 264 | _aMadrid España : Taurus Ediciones, 1967-Libro de bolsillo | ||
| 300 |
_a158 páginas; _c17 cms |
||
| 500 | _aIncluye índice | ||
| 650 | 1 | 4 |
_2LEMB _aTeología |
| 650 | 1 | 4 |
_2LEMB _aAntropología |
| 942 |
_2ddc _cBK _n0 |
||
| 999 |
_c11665 _d11665 |
||